LEADER 03654nam 2200481 450 001 9910466353903321 005 20200520144314.0 010 $a3-486-79084-6 024 7 $a10.1515/9783486790849 035 $a(CKB)3710000001006827 035 $a(MiAaPQ)EBC5049302 035 $a(DE-B1597)234765 035 $a(OCoLC)979769910 035 $a(DE-B1597)9783486790849 035 $a(Au-PeEL)EBL5049302 035 $a(CaPaEBR)ebr11567571 035 $a(OCoLC)1039702315 035 $a(EXLCZ)993710000001006827 100 $a20180816d1996 uy 0 101 0 $ager 135 $aurcnu|||||||| 181 $ctxt$2rdacontent 182 $cc$2rdamedia 183 $acr$2rdacarrier 200 10$aSozialpolitik in der Bundesrepublik Deutschland Bis Zur Herstellung der Deutschen Einheit$hBand 3$iSozialpolitik in der Bundesrepublik Deutschland bis zur Herstellung der Deutschen Einheit /$fJohannes Frerich, Martin Frey 205 $aReprint 2016 210 1$aMu?nchen ;$aWien :$cR. Oldenbourg Verlag,$d1996. 215 $a1 online resource (801 pages) 311 $a3-486-23788-8 327 $tFrontmatter -- $tVorwort -- $tInhaltsverzeichnis -- $t1. Ausgangssituation in der unmittelbaren Nachkriegszeit -- $t2. Gesellschaftliche Rahmenbedingungen der Sozialpolitik -- $t3. Soziale Entschädigungspolitik -- $t4. Gestaltung der Alters- und Hinterbliebenensicherung -- $t5. Soziale Sicherung bei Krankheit und Invalidität -- $t6. Arbeitsmarktpolitik und Arbeitsförderung -- $t7. Entwicklung der Arbeitsbeziehungen und Arbeitsbedingungen -- $t8. Familienlastenausgleich, Ausbildungsforderung und Jugendhilfe -- $t9. Öffentliche Fürsorge und Sozialhilfe -- $t10. Soziale Wohnungspolitik -- $t11. Soziale Vermögenspolitik -- $t12. Steuerliche Maßnahmen der Sozialpolitik -- $t13. Selbstverwaltung, Sozial- und Arbeitsgerichtsbarkeit -- $t1. Gesellschaftliche Rahmenbedingungen der Sozialpolitik -- $t2. Arbeitsmarktpolitik und Arbeitsförderung -- $t3. Gestaltung der Arbeitsbedingungen und Arbeitsbeziehungen -- $t4. Gestaltung der Alters- und Hinterbliebenensicherung -- $t5. Soziale Sicherung bei Krankheit und Invalidität -- $t6. Soziale Entschädigungen -- $t7. Familienlastenausgleich, Ausbildungsforderung und Jugendpolitik -- $t8. Sozialhilfe -- $t9. Soziale Wohnungspolitik -- $t10. Soziale Vermögenspolitik -- $t11. Steuerliche Maßnahmen der Sozialpolitik -- $t12. Organisationsfragen und soziale Gerichtsbarkeit -- $t1. Sozialpolitik der Europäischen Gemeinschaften -- $t2. Sozialpolitische Aktivitäten des Europarates -- $t3. Internationale Arbeitsorganisation (IAO) -- $t1. Ausgangslage und Entwicklungen nach der Wende in der DDR -- $t2. Von der Herstellung der Sozialunion bis zum Einigungsvertrag -- $t3. Deutsche Einheit und sozialpolitische Regelungen des Einigungsvertrages -- $t1. Aspekte der sozialen Lage im vereinten Deutschland -- $t2. Erste gesetzgeberische Schritte im vereinten Deutschland -- $t3. Rahmenbedingungen und Problembereiche zukünftiger Sozialpolitik -- $tLiteraturverzeichnis -- $tVerzeichnis sonstiger Quellen -- $tVerzeichnis der Abkürzungen -- $tVerzeichnis der Tabellen -- $tPersonenregister -- $tSachregister 606 $aPublic welfare$zGermany$xHistory 608 $aElectronic books. 615 0$aPublic welfare$xHistory. 676 $a361.680943 700 $aFrerich$b Johannes$01047749 702 $aFrey$b Martin 801 0$bMiAaPQ 801 1$bMiAaPQ 801 2$bMiAaPQ 906 $aBOOK 912 $a9910466353903321 996 $aSozialpolitik in der Bundesrepublik Deutschland Bis Zur Herstellung der Deutschen Einheit$92475558 997 $aUNINA LEADER 01870nam 2200529 a 450 001 9910697725503321 005 20200205145237.0 024 8 $aGOVPUB-C13-4dfe6f5e79ee677dd44a2b79de30d5a0 035 $a(CKB)5470000002391720 035 $a(OCoLC)746071736 035 $a(OCoLC)681976947$z(OCoLC)624242573$z(OCoLC)664536606 035 $a(OCoLC)995470000002391720 035 $a(EXLCZ)995470000002391720 100 $a20110809d1999 ua 0 101 0 $aeng 135 $aurbn||||a|||| 181 $ctxt$2rdacontent 182 $cc$2rdamedia 183 $acr$2rdacarrier 200 10$aFrom sundials to atomic clocks$b[electronic resource] $eunderstanding time and frequency /$fJames Jespersen and Jane Fitz-Randolph ; illustrated by John Robb and Dar Miner 205 $a1999 ed. 210 1$a[Gaithersburg, Md.?] :$cU.S. Dept. of Commerce, Technology Administration, National Institute of Standards and Technology,$d1999. 215 $a1 online resource (308 pages) $cillustrations, maps 225 1 $aMonograph ;$v155 300 $aTitle from title screen (viewed on Aug. 9, 2011). 300 $a"March 1999." 320 $aIncludes bibliographical references (page 300) and index. 517 $aFrom sundials to atomic clocks 606 $aTime 606 $aTime measurements 606 $aClocks and watches 615 0$aTime. 615 0$aTime measurements. 615 0$aClocks and watches. 676 $a602/.1 s 676 $a529 700 $aJespersen$b James$0726665 701 $aFitz-Randolph$b Jane$01394451 701 $aRobb$b John$0777552 701 $aMiner$b Dar$01394452 712 02$aNational Institute of Standards and Technology (U.S.) 801 0$bGPO 801 1$bGPO 906 $aBOOK 912 $a9910697725503321 996 $aFrom sundials to atomic clocks$93451861 997 $aUNINA LEADER 02647nam 2200625Ia 450 001 9910966946903321 005 20251116143207.0 010 $a1-134-93125-5 010 $a1-280-32330-2 010 $a0-203-22382-9 024 7 $a10.4324/9780203223826 035 $a(CKB)111056485513050 035 $a(EBL)179846 035 $a(OCoLC)475885653 035 $a(SSID)ssj0000269531 035 $a(PQKBManifestationID)11235100 035 $a(PQKBTitleCode)TC0000269531 035 $a(PQKBWorkID)10243313 035 $a(PQKB)11746918 035 $a(MiAaPQ)EBC179846 035 $a(Au-PeEL)EBL179846 035 $a(CaPaEBR)ebr10058297 035 $a(CaONFJC)MIL32330 035 $a(OCoLC)50901906 035 $a(EXLCZ)99111056485513050 100 $a19930210d1993 uy 0 101 0 $aeng 135 $aur|n|---||||| 181 $ctxt 182 $cc 183 $acr 200 10$a"We are but women" $ewomen in Ireland's history /$fRoger Sawyer 210 $aLondon ;$aNew York $cRoutledge$d1993 215 $a1 online resource (231 p.) 300 $aDescription based upon print version of record. 311 08$a0-415-05866-X 320 $aIncludes bibliographical references (p. 194-200) and index. 327 $aBook Cover; Title; Contents; Foreword by; Preface; Acknowledgements; FROM THE BEGINNING; IN THE ASCENDANT; IRISH CULTURAL REVIVAL; WOMEN'S RIGHTS AND SEPARATISM: TOWARDS A FREE STATE; WOMEN AND THE SOCIAL CONSEQUENCES OF IRISH INDEPENDENCE; WOMEN AND THE SOCIAL CONSEQUENCES OF IRISH DEVOLUTION; ATTITUDES AND THEIR OUTCOME: SOUTH AND NORTH; EMANCIPATION AND UNITY; Notes; Bibliography; Index 330 $aWe Are But Women sets the history of Irish women in the context of the broad sweep of Irish history, dealing even-handedly with the diverse traditions of unionism and nationalism. Through an examination of exemplar individuals and organisations, the book traces the growth of Irish awareness of such `women's issues' as emancipation, divorce and abortion. Above all, it acknowledges the key role played by women in finding a solution to the Irish Question. 606 $aWomen$xPolitical activity$zIreland$xHistory 606 $aWomen$zIreland$xHistory 606 $aIrish question 607 $aIreland$xHistory 615 0$aWomen$xPolitical activity$xHistory. 615 0$aWomen$xHistory. 615 0$aIrish question. 676 $a941.5/00442 700 $aSawyer$b Roger$f1931-$01881290 801 0$bMiAaPQ 801 1$bMiAaPQ 801 2$bMiAaPQ 906 $aBOOK 912 $a9910966946903321 996 $a"We are but women"$94495730 997 $aUNINA